000 00523nam a2200205Ia 4500
003 OSt
005 20221007112524.0
006 a|||||r|||| 00| 0
007 ta
008 221006b |||||||| |||| 00| 0 eng d
024 _a28,329
037 _cBound Volume
040 _aLCO
_cLCO
_beng
041 _2eng
_aeng
245 0 _aICA ARBITRATION QUARTERLY
260 _aDelhi
_bIndia Council Of Arbitration India
_c1981
490 _v22 -1987
942 _cCR
999 _c1197892
_d1197892